000 00871nam a22002897a 4500
999 _c669
_d669
001 001776
003 CoMeUDC001776
005 20190111231207.0
008 130821s2003 ck gr spa
020 _a9583504343
040 _aCo-BoUCM
_bspa
_cCoMeUDC
041 0 0 _aspa
082 0 4 _a346.052
_220
_bR173s
100 1 _aRamírez Fuertes, Roberto
245 1 0 _aSucesiones /
_cRoberto Ramírez Fuertes
250 _a6a. ed.
260 _aBogotá (Colombia) :
_bEditorial Temis,
_c2003.
300 _axxiv, 302 páginas
504 _aIncluye bibliografía e índice.
650 0 4 _aDerecho civil
_912711
650 0 4 _aDerecho sucesorio
_912833
650 0 4 _aHerencia
_916766
650 0 4 _aRepresentación legal
_923576
650 0 4 _aSucesión intestada
_924912
650 0 4 _aSucesión testada
_924913
942 _cBK
_2ddc
_a8
_e6
_h346.05
_mR173s